[Event "GER-ch Rapid (Women)"]
[Site "Goettingen"]
[Date "2022.09.25"]
[Round "9"]
[White "Von Herman, Brigitte"]
[Black "Kozachenko, Maria"]
[Result "1/2-1/2"]
[WhiteElo "1904"]
[BlackElo "1875"]
[PlyCount "39"]
[EventDate "2022.09.24"]
[EventType "swiss (rapid)"]
[EventRounds "9"]
[EventCountry "GER"]
[SourceTitle "CBM 210 Extra"]
[Source "ChessBase"]
[SourceDate "2022.11.30"]
[SourceVersion "1"]
[SourceVersionDate "2022.11.30"]
[SourceQuality "1"]

1. e4 c5 2. c3 d5 3. exd5 Qxd5 4. d4 Nf6 5. Nf3 Bg4 6. dxc5 Qxd1+ 7. Kxd1 e5 8. b4 e4 9. h3 Bh5 10. g4 exf3 11. gxh5 Ne4 12. Be3 Nc6 13. Kc2 0-0-0 14. Nd2 Nxd2 15. Bxd2 Rd5 16. Bc4 Rf5 17. Rhe1 Be7 18. Bd3 Rxh5 19. Bf4 Bh4 20. Be4 1/2-1/2

[Event "EU-ch Online U14 Girls"]
[Site "Tornelo INT"]
[Date "2020.09.20"]
[Round "7"]
[White "Kozachenko, Maria"]
[Black "Schippke, Manon"]
[Result "1-0"]
[WhiteElo "1816"]
[BlackElo "1779"]
[PlyCount "85"]
[EventDate "2020.09.18"]
[EventType "swiss (rapid)"]
[EventRounds "9"]
[EventCountry "NET"]
[SourceTitle "EXT 2023"]
[Source "ChessBase"]
[SourceDate "2022.10.05"]
[SourceVersion "1"]
[SourceVersionDate "2022.10.05"]
[SourceQuality "1"]
[WhiteTeam "Ukraine"]
[BlackTeam "France"]
[WhiteTeamCountry "UKR"]
[BlackTeamCountry "FRA"]

1. e4 c5 2. Nf3 d6 3. d4 cxd4 4. Nxd4 Nf6 5. Nc3 Nc6 6. Bb5 Bd7 7. Be3 e6 8. Qe2 Qa5 9. Nb3 Qc7 10. a4 a6 11. Bd3 Ne5 12. f3 Nxd3+ 13. Qxd3 b6 14. Nd2 Be7 15. Nc4 Rb8 16. Rd1 0-0 17. Nxd6 b5 18. axb5 axb5 19. e5 Nd5 20. Nxd5 exd5 21. Qxd5 Qxc2 22. Qd2 Qg6 23. 0-0 Rfd8 24. Bf4 h5 25. Kh1 Bf5 26. Qf2 Be6 27. h3 h4 28. Rfe1 Ra8 29. Nxb5 Bb4 30. Rg1 Bc4 31. Nd6 Bb3 32. Rc1 Bxd6 33. exd6 Qf6 34. Bh2 Ra2 35. Qe1 Rxb2 36. Be5 Re8 37. Bxf6 Rxe1 38. Bxb2 Re6 39. Ba3 Re8 40. d7 Rd8 41. Rc8 Rxc8 42. dxc8Q+ Kh7 43. Qf5+ 1-0

[Event "EU-ch U14 Girls"]
[Site "Bratislava"]
[Date "2019.08.07"]
[Round "6"]
[White "Kozachenko, Maria"]
[Black "Toth, Nikoletta"]
[Result "1/2-1/2"]
[WhiteElo "1862"]
[BlackElo "1965"]
[PlyCount "120"]
[EventDate "2019.08.02"]
[EventType "swiss"]
[EventRounds "9"]
[EventCountry "SVK"]
[SourceTitle "EXT 2020"]
[Source "ChessBase"]
[SourceDate "2019.10.17"]
[SourceVersion "1"]
[SourceVersionDate "2019.10.17"]
[SourceQuality "1"]

1. e4 c5 2. Nf3 Nc6 3. Bb5 g6 4. Bxc6 dxc6 5. d3 Bg7 6. 0-0 Qc7 7. c3 e5 8. Be3 b6 9. d4 Ba6 10. Re1 Rd8 11. d5 Qb7 12. dxc6 Qxc6 13. Qb3 Ne7 14. Nbd2 0-0 15. Bg5 Rd7 16. Nc4 Bxc4 17. Qxc4 b5 18. Qb3 c4 19. Qb4 f6 20. Be3 Rfd8 21. Bc5 a5 22. Qa3 Nc8 23. b4 a4 24. Qb2 Bf8 25. Bxf8 Kxf8 26. Qc2 Rd3 27. Re2 Qd7 28. Kf1 Kf7 29. Ne1 Rd6 30. Qc1 Rd2 31. a3 Ne7 32. Rb1 Nc6 33. Rb2 Rxb2 34. Rxb2 Kg7 35. Qe3 Ne7 36. Qc5 Rc8 37. Qe3 Rc6 38. Rd2 Rd6 39. Ke2 Rxd2+ 40. Qxd2 Qxd2+ 41. Kxd2 f5 42. Ke3 Kf6 43. Nf3 h6 44. Nd2 Ke6 45. f3 Nc8 46. Nf1 Nd6 47. Nd2 Ne8 48. Kf2 Nf6 49. Ke2 Nh5 50. g3 Nf6 51. h3 Nh7 52. Kf2 Ng5 53. h4 Nh7 54. Ke3 Nf6 55. Ke2 g5 56. hxg5 hxg5 57. Kf2 g4 58. Kg2 fxe4 59. fxe4 Nh7 60. Kf2 Nf6 1/2-1/2

[Event "EU-ch U12 Girls 28th"]
[Site "Riga"]
[Date "2018.08.26"]
[Round "6"]
[White "Kozachenko, Maria"]
[Black "Bashylina, Luisa"]
[Result "0-1"]
[WhiteElo "1792"]
[BlackElo "1817"]
[PlyCount "90"]
[EventDate "2018.08.20"]
[EventType "swiss"]
[EventRounds "9"]
[EventCountry "LAT"]
[SourceTitle "CBM 186 Extra"]
[Source "ChessBase"]
[SourceDate "2018.08.24"]
[SourceVersion "1"]
[SourceVersionDate "2018.08.24"]
[SourceQuality "1"]

1. e4 c5 2. Nf3 e6 3. d4 cxd4 4. Nxd4 a6 5. Nc3 Qc7 6. Bd3 Nc6 7. Nb3 Ne5 8. f4 Nxd3+ 9. Qxd3 b5 10. 0-0 Bb7 11. Be3 Nf6 12. e5 Nd5 13. Nxd5 Bxd5 14. Nd2 Rc8 15. Rfc1 d6 16. Bd4 dxe5 17. fxe5 Be7 18. a4 Qc6 19. axb5 axb5 20. Qe2 0-0 21. b3 Bg5 22. g3 Be7 23. h3 Bc5 24. Bf2 Bxf2+ 25. Qxf2 Qc3 26. Nf1 Qxe5 27. Qe3 Qf5 28. g4 Qg6 29. Qe2 b4 30. Ne3 Qe4 31. Kf2 Qf4+ 32. Ke1 Qg3+ 33. Qf2 Qxh3 34. Rd1 Qh1+ 35. Kd2 Qe4 36. Rab1 Rfd8 37. Kc1 Rc3 38. Nxd5 exd5 39. Rf1 Qg6 40. Rb2 d4 41. Re1 d3 42. Qd4 Rdc8 43. Qe3 h6 44. Kb1 dxc2+ 45. Kc1 Rxe3 0-1

[Event "POL-UKR m U18 10th"]
[Site "Lublin"]
[Date "2018.06.03"]
[Round "2.7"]
[White "Mroz, Lena"]
[Black "Kozachenko, Maria"]
[Result "0-1"]
[WhiteElo "1587"]
[BlackElo "1771"]
[PlyCount "72"]
[EventDate "2018.06.02"]
[EventType "team-match"]
[EventRounds "2"]
[EventCountry "POL"]
[SourceTitle "CBM 184 Extra"]
[Source "ChessBase"]
[SourceDate "2018.06.28"]
[SourceVersion "1"]
[SourceVersionDate "2018.06.28"]
[SourceQuality "1"]
[WhiteTeam "Poland"]
[BlackTeam "Ukraine"]
[WhiteTeamCountry "POL"]
[BlackTeamCountry "UKR"]

1. e4 c5 2. Nf3 d6 3. d4 cxd4 4. Nxd4 Nf6 5. Nc3 a6 6. h4 e5 7. Nb3 Be6 8. f4 Qc7 9. f5 Bc4 10. Bg5 Nbd7 11. Qf3 b5 12. Bxf6 Nxf6 13. 0-0-0 Rc8 14. Rd2 b4 15. Nd5 Nxd5 16. exd5 a5 17. Bxc4 Qxc4 18. Nxa5 Qxa2 19. Nb3 Be7 20. g4 0-0 21. g5 f6 22. Rg2 Rc4 23. Rg4 Rfc8 24. Rxc4 Rxc4 25. Qd3 Rc8 26. Rg1 Qa7 27. Qg3 Qc7 28. Rg2 Qc4 29. gxf6 Bxf6 30. h5 Qf1+ 31. Kd2 Qxf5 32. Kc1 Qxh5 33. Qf2 Qh6+ 34. Kd1 Qf4 35. Qe2 Rc4 36. Na5 Rd4+ 0-1